000 00316 a2200133 4500
000 nam a22 7a 4500
100 _a Karsten Lehn
110 _a Karsten Lehn
245 _aIntroduction to Computer Graphics
250 _alatest edition
260 _bSpringer
_c2025
264 _bSpringer
_c2025
942 _cBK
999 _c397203
_d397203